[Event "BCF-ch Seniors 65"]
[Site "Hull"]
[Date "2024.08.03"]
[Round "6"]
[White "Winter, Malcolm J"]
[Black "Di Mattia, Luciano DM"]
[Result "1-0"]
[WhiteElo "1776"]
[BlackElo "1674"]
[PlyCount "107"]
[EventDate "2024.07.29"]
[EventType "swiss"]
[EventRounds "7"]
[EventCountry "ENG"]
[SourceTitle "CB32_2024"]
[SourceDate "2024.08.08"]
[SourceVersion "1"]
[SourceVersionDate "2024.08.08"]
[SourceQuality "1"]

1. d4 d6 2. Nf3 Nf6 3. e3 Nbd7 4. Nbd2 e5 5. dxe5 dxe5 6. e4 Bc5 7. Be2 0-0 8. 0-0 b6 9. c3 Bb7 10. b4 Bd6 11. Qc2 a5 12. a3 axb4 13. cxb4 Bxb4 14. Bb2 Bxd2 15. Nxd2 Re8 16. Rfd1 c5 17. f3 Qc7 18. Nc4 Re6 19. Ne3 Ba6 20. Bxa6 Rxa6 21. Rd2 g6 22. Rad1 h5 23. Qc4 Ra8 24. Nd5 Nxd5 25. Rxd5 Nf6 26. R5d3 Rae8 27. Bc1 Kg7 28. Bg5 Nh7 29. Bc1 R8e7 30. Bb2 Nf8 31. Qc1 Rd7 32. Rd5 Rxd5 33. exd5 Re8 34. d6 Qc6 35. f4 Nd7 36. fxe5 Re6 37. Qf4 Qb5 38. Rf1 f6 39. exf6+ Kf7 40. Qh6 Nxf6 41. Bxf6 Qxf1+ 42. Kxf1 Rxf6+ 43. Ke2 Rxd6 44. Qh7+ Ke8 45. Qc7 Rf6 46. Kd3 Kf8 47. a4 Ke8 48. Qe5+ Kf7 49. Kc4 Re6 50. Qc7+ Kf6 51. Kb5 Kf5 52. g3 Kf6 53. h4 Kf5 54. Qf4# 1-0